00946nam a2200253ma 4500001001000000003000600010005001700016008004100033035003500074040002800109050002000137082001600157100003900173245008700212250001000299260004300309300003800352440006700390650004000457852003400497910002800531952011600559999001700675000014414UkOxU20200929163841.0860101s1941 xx 000 0 spa d aOCLC ocm03373612 from D960216M aDO-SdBNPcTOLdDZMdEQO 0aPA51b.K84 1941 aD05035858761 aKroll, Wilhelm,d1869-1939.93252210aHistoria de la filología clásica. /cTr. y ampliada por Pascual Galindo Romeo. a2. ed aBarcelona :bEditorial Labor,c[1941]. a188 p. :bilus., ports. ;c19 cm. 0aColección Labor.nSección III,pCiencias literarias932523 0aClassical philologyxHistory932524 714676005yIn place5503585877 aCatalogación derivada 001050718MOaGRbGRcCTd2009-12-14iLF1l0oD0503585876 p14414-30r2020-06-25w2020-06-25y1ZNo se presta c14005d14005